Logo biblioteca
Santa Fe 2917, Rosario, Santa Fe
Lu-Vi 8 a 19.45
+54-341-4232362
bibliotecaeudoro@gmail.com
Facebook Biblioteca Pedagógica
Sitio web

La actualización del uso del laboratorio en el nivel primario / (Registro nro. 32622)

Detalles MARC
000 -CABECERA
campo fijo de control de longitud 01841nab a2200301 4500
003 - IDENTIFICADOR DEL NÚMERO DE CONTROL
campo de control AR-RoBPED
005 - FECHA Y HORADE LA ULTIMA TRANSACCION
campo de control 20260424143150.0
008 - ELEMENTOS DE LONGITUD FIJA--INFORMACION GENERAL
campo fijo de control de longitud 260424b |||||||| |||| 00| 0 spa d
040 ## - FUENTE CATALOGADORA
Centro catalogador/agencia de origen AR-RoBPED
041 ## - IDIOMA
Código de idioma para texto/pista de sonido o título independiente spa
100 1# - ENCABEZAMIENTO PRINCIPAL--AUTOR PERSONAL
Nombre de persona González Abeijón, Marcela
9 (RLIN) 30808
Función Licenciada en Educación
245 13 - TITULO
Título La actualización del uso del laboratorio en el nivel primario /
260 ## - PUBLICACION
Lugar Buenos Aires :
Editor Noveduc,
Fecha 2024
300 ## - DESCRIPCION FISICA
Extensión 55-59 p.
500 ## - NOTA GENERAL
Nota general Se da cuenta de un proyecto colaborativo llevado adelante entre el Instituto Nacional de Formación Docente (INFoD) junto con el Instituto Superior del Profesorado Río Grande (ISPRG) y un grupo de escuelas de nivel primario de la provincia de Tierra del Fuego. La iniciativa se organizó alrededor de tres ejes: 1) la actualización del uso del laboratorio en nivel primario; 2) la identificación de la dimensión didáctica de las ciencias experimentales y 3) la articulación de este espacio curricular con la educación ambiental integral. El texto describe el cronograma de actividades, los objetivos y también las dificultades y desafíos que e debieron afrontar durante el desarrollo de la propuesta.
650 #7 - TERMINO DE MATERIA--CONTROLADO
Término controlado NIVEL PRIMARIO
9 (RLIN) 18876
Término controlado ACTIVIDADES DIDACTICAS
9 (RLIN) 18754
Término controlado FORMACION DE DOCENTES
9 (RLIN) 1259
Término controlado EXPERIMENTOS
9 (RLIN) 1658
Término controlado TRABAJO COLABORATIVO
9 (RLIN) 27984
Término controlado PROYECTOS EDUCACIONALES
9 (RLIN) 10572
Término controlado LABORATORIOS
9 (RLIN) 12186
700 1# - ENCABEZAMIENTO SECUNDARIO--AUTOR PERSONAL
Nombre de persona Sandoval, María Guadalupe
9 (RLIN) 30809
Función Profesora en Ciencias de la Educación
Nombre de persona Pérez de Rosas, Miriam
9 (RLIN) 30810
Función Ingenieria química industrial
773 0# - DOCUMENTO FUENTE
Host Biblionumber 20414
Host Itemnumber 41866
Place, publisher, and date of publication Buenos Aires : Noveduc, 1993-
Título Novedades Educativas
Record control number (AR-RoBPED)20414
International Standard Serial Number 03283534
942 ## - ELEMENTOS KOHA
Fuente de clasificación Universal Decimal Classification
Koha tipo de ítem Revistas
Clasificación 37(05)
Signatura librística Nov 86 N° 398 (Sept.2024)
Número Koha k.32622
945 ## - PROCESAMIENTO DE LA INFORMACIÓN LOCAL
Catalogador y fecha mar 04/2026

No hay ítems disponibles.